400 Horror Games - Statistics

General Stats
  • This quiz has been taken 269 times
  • The average score is 32 of 400
Answer Stats
Horror Game % Correct
Resident Evil
75%
Five Nights At Freddy’s
65%
Resident Evil 2
65%
Silent Hill
65%
Resident Evil 4
61%
Dia
60%
Resident Evil 5
58%
Resident Evil 6
57%
Outlast
55%
Silent Hill 2
55%
Five Nights At Freddy’s 2
53%
Five Nights At Freddy’s 3
52%
Five Nights At Freddy’s 4
51%
Silent Hill 3
49%
Resident Evil: Village
47%
Five Nights At Freddy’s: Sister Location
45%
Dead By Daylight
41%
Alien: Isolation
39%
Five Nights At Freddy’s: Security Breach
39%
Until Dawn
39%
Dead Space
37%
Resident Evil 7: Biohazard
36%
Poppy Playtime
35%
The Last of Us
34%
Granny
32%
The Evil Within
32%
Amnesia: The Dark Descent
31%
F.E.A.R.
30%
Five Nights At Freddy’s: Help Wanted
30%
Little Nightmares
30%
Bendy and the Ink Machine
28%
Resident Evil 3: Nemesis
28%
Dead Space 2
27%
Fatal Frame
27%
Dead Space 3
26%
P.T.
26%
Resident Evil: Revelations
26%
The Evil Within 2
25%
Doom
24%
Silent Hill 4: The Room
24%
The Outlast Trials
24%
BioShock
23%
Clock Tower
23%
Hello Neighbor
23%
Soma
23%
The Walking Dead
23%
Garten of Banban
22%
Left 4 Dead
22%
Resident Evil: Revelations 2
22%
The Quarry
22%
Doom 3
21%
Phasmophobia
20%
Resident Evil Zero
20%
Silent Hill: Downpour
20%
Silent Hill: Shattered Memories
20%
BioShock 2
19%
Left 4 Dead 2
19%
Silent Hill: Origins
19%
Slender: The Eight Pages
19%
Doom Eternal
18%
Outlast II
18%
Silent Hill: Homecoming
18%
Amnesia: A Machine for Pigs
17%
Doki Doki Literature Club
16%
The Forest
16%
F.E.A.R. 3
15%
Inside
15%
Manhunt
15%
Outlast: Whistleblower
15%
Doom II
14%
Half-Life
14%
SCP: Containment Breach
14%
Visage
14%
Amnesia: Rebirth
13%
Bendy and the Dark Revival
13%
BioShock Infinite
13%
Dead Island
13%
Friday the 13th: The Game
13%
Garten of Banban 2
13%
Garten of Banban 3
13%
Iron Lung
13%
Layers of Fear
13%
Little Nightmares II
13%
Backrooms
12%
Fatal Frame II: Crimson Butterfly
12%
Half-Life 2
12%
Hello Neighbor 2
12%
Subnautica
12%
Clock Tower 3
11%
Condemned: Criminal Origins
11%
Manhunt 2
11%
Sons of the Forest
11%
DayZ
10%
Dead Island 2
10%
Layers of Fear 2
10%
Silent Hill: Book of Memories
10%
The Last of Us: Part I
10%
The Last of Us: Part II
10%
F.E.A.R. 2: Project Origin
9%
Granny 3
9%
Siren Head
9%
Baldi’s Basics in Education and Learning
8%
Choo Choo Charles
8%
Doom (2016)
8%
Doom 64
8%
Fatal Frame: Maiden of Black Water
7%
Half-Life: Alyx
7%
Resident Evil 2 (2019)
7%
Resident Evil 3 (2020)
7%
Subnautica: Below Zero
7%
7 Days to Die
6%
At Dead of Night
6%
Condemned 2: Bloodshot
6%
Dead Space: Extraction
6%
Granny: Chapter Two
6%
Resident Evil (2002)
6%
The Callisto Protocol
6%
The Hall
6%
The Last of Us: Left Behind
6%
Welcome to the Game
6%
Amnesia: Justine
5%
Evil Dead: The Game
5%
Fatal Frame III: The Tormented
5%
F.E.A.R. Extraction Point
5%
Grandpa
5%
Hello Neighbor: Hide and Seek
5%
Lost in Vivo
5%
Mr. Hopp’s Playhouse
5%
Saw: The Video Game
5%
Secret Neighbor
5%
The Baby in Yellow
5%
The Last of Us Remastered
5%
The Mine
5%
The Walking Dead: Season Two
5%
Dead Island: Riptide
4%
Imscared
4%
SIGNALIS
4%
State of Decay
4%
The Nun Massacre
4%
The Walking Dead: A New Frontier
4%
Welcome to the Game II
4%
Baldi’s Basics Plus
3%
Bloodwash
3%
Bunny
3%
Dead Space (2023)
3%
Do You Copy?
3%
FAITH: The Unholy Trinity
3%
Fatal Frame: Mask of the Lunar Eclipse
3%
F.E.A.R. Perseus Mandate
3%
Fears to Fathom-Carson House
3%
Fears to Fathom: Home Alone
3%
Fears to Fathom: Norwood Hitchhike
3%
Final Doom
3%
Saw II: Flesh and Blood
3%
SCP: Secret Labratory
3%
Silent Hill: The Escape
3%
Slide in the Woods
3%
State of Decay 2
3%
The Walking Dead: Michonne
3%
The Walking Dead: The Final Season
3%
8/11
2%
Alternate Watch
2%
Clock Tower II: The Struggle Within
2%
Confabulation
2%
Crimson Snow
2%
Dead Inside
2%
Dead Space: Ignition
2%
Doom Resurrection
2%
Doom VFR
2%
Dora is Dead
2%
Dreader
2%
Escape Dead Island
2%
F.E.A.R. Files
2%
Missing Hiker
2%
Mr. Hopp’s Playhouse 2
2%
Nightcatcher
2%
NightCry
2%
Night Shift
2%
Northbury Grove
2%
Resident Evil 0: HD Remaster
2%
Scooby Horror
2%
SCP-087
2%
SCP-3008
2%
September 1999
2%
Sleepless
2%
Start Survey?
2%
The Floor is Breathing
2%
The Last Monday
2%
The Spirit
2%
The Ultimate Doom
2%
Wrong Floor
2%
You Are Liam
2%
3:00 AM at the Krusty Krab
1%
6AM
1%
6 AM at the Chum Bucket
1%
A Craft of Mine
1%
A.D.A.O.S. Shortstory
1%
Advanced Education with Victor Strobovski
1%
After the Curtain Call
1%
A Game About Literally Doing Your Taxes
1%
Albedo
1%
Almost Home Now
1%
A Long Walk Home
1%
Alpen Ghoul
1%
Anatidaephobia: The Game
1%
A Night At Andy’s
1%
A Nightmare on School Trip
1%
A Nightmare on Sesame Street
1%
Apsulov: End of Gods
1%
Aqua
1%
Assessment Examination
1%
A Wonderful Day For Fishing
1%
Backrooms 1998
1%
Baldina’s Basics
1%
Baldi Nightmare
1%
Baldi’s Basics Birthady Bash
1%
Baldi’s Basics Classic Remaster
1%
Baldi’s Basics Kickstarter Demo
1%
Baldi’s Basics Public Demo
1%
Baldi’s Unreal Basics
1%
Bedtime Blues
1%
Between the Rooms
1%
Big Chungus Horror Night
1%
Black Eyes
1%
Bob the Killer
1%
Boogeyman
1%
Buff Imposter
1%
Burglary
1%
Cabaret
1%
Cageface: Subway
1%
Cain
1%
Can A Cute Ghost Story Be Spooky?
1%
Cargo
1%
Claustraphobe
1%
Cleaning Redville
1%
Cold Shot
1%
Cookie Man Theater
1%
Creeper
1%
Danny’s House
1%
Darkness Dwells
1%
Dark Veer
1%
Death Trips
1%
Deep Door
1%
Descend
1%
Didstress
1%
Dispatch
1%
Do It For Me
1%
Don’t Close Your Eyes
1%
Don’t Run
1%
Don’t Trust: The Game
1%
Doom Eternal: The Ancient Gods-Part One
1%
Doom Eternal: The Ancient Gods-Part Two
1%
Dora is Dead: Remastered
1%
Double Me
1%
Dying of Thirst
1%
Elevated Dread
1%
Examination of Fear
1%
Faceman 3D
1%
FDTD
1%
Fiona
1%
Forest Dungeon
1%
Forgotten School
1%
Fragments
1%
GDZ Simulator
1%
Ghost Study
1%
Glitch
1%
Grandfather’s Book
1%
Happy’s Humble Burger Barn
1%
Harvest Festival 64
1%
Hatred
1%
Haunted Gas Station
1%
Haunted Path
1%
He Keeps Me Here
1%
Hello Puppets
1%
Horror on Holiday Rails
1%
I Live Under Your House
1%
Imposter Hide
1%
Indigar
1%
In Somnio
1%
Interference
1%
Intruder
1%
Isabelle
1%
Janitor’s Day
1%
Jo’s House
1%
Just Before The Swarm
1%
Keep Out
1%
Last Night at Home
1%
Layers of Fear: Legacy
1%
Layers of Fear VR
1%
Leatherface: Shadow of Massacre
1%
Leenie Boog
1%
Let’s Play Simulator
1%
Look For Me
1%
Lost Communication
1%
Lost Room
1%
Mandela Invasion
1%
Memories of Home
1%
Mighty Doom
1%
Mirror Forge
1%
M is for Murder
1%
Mooshie’s Kitchen
1%
Mooshie’s Kitchen 2
1%
Mr.Clean.exe
1%
Mr. Krussy Requires the Souls of the Damned
1%
My Friend is a Raven
1%
My Legs Got Tubed
1%
Nemeses
1%
New Message
1%
Nextdoor
1%
Nightmare Shift
1%
Night Stop
1%
No Delivery
1%
No Players Online
1%
Northbury Grove: Entity
1%
Northbury Grove: King’s Comfort
1%
Northbury Grove: Walls Closing In
1%
Ode to a Moon
1%
Okaeri
1%
One Wish
1%
Oogie’s Spacepark
1%
Overtime
1%
Paralysis
1%
Perfection
1%
Perfect Vermin
1%
Peter’s House
1%
Plague World
1%
Please Answer Carefully
1%
Please Go Straight
1%
Prepper
1%
Push: A Duolingo Horror Game
1%
Raven’s Point
1%
Red and the Whispering Woods
1%
Replace the Lamp
1%
Resident Evil (2022)
1%
Resident Evil (2023)
1%
Room 303
1%
Routine
1%
Ruff Night at the Gallery
1%
Rustbucket Revenge
1%
Scooby Horror 2
1%
Scribbles
1%
Security Booth
1%
See You Soon
1%
Shrek’s Wonderland
1%
Skelety in the Park of Darkness
1%
Skelety in the Park of Nightmares
1%
Skinny
1%
Skywatching
1%
Slender’s Cow
1%
Sniper Elite: Nazi Zombie Army
1%
Sniper Elite: Nazi Zombie Army 2
1%
Something in the Shadows
1%
Spooktective
1%
SpookyTing
1%
Stairs
1%
Stall
1%
Stark County: Threat Assessment Test
1%
Stone House Orphanage
1%
Strobophobia
1%
Survive the Nightmare
1%
Tall Poppy
1%
Tape: Unviel the Memories
1%
Terminal
1%
The 8th Day
1%
The Ball Pit
1%
The Designer’s Curse
1%
The Elevator Ritual
1%
The Flight
1%
The Frost
1%
The Hallway
1%
The Interview
1%
The Last Door on the Left
1%
The Madvent Calander
1%
The Mold Excorcist
1%
The Possession Experiment
1%
There Are Ghosts In These Stalls
1%
The Shadow Over Route 80
1%
The Silver Screens
1%
The Touch
1%
The WarZ
1%
The Watson-Scott Test
1%
Thirstiest Time of the Year
1%
Tonsil Terror
1%
Tormentor
1%
T.R.A.P.T.
1%
True Nightmares
1%
Truth Loop
1%
Truth Loop 2
1%
TV Night
1%
Unheimlich
1%
VHS Tape: 1986
1%
Walking Home Alone
1%
Walk with the Dog
1%
While You Sleep
1%
Within
1%
Within Yourself
1%
Zim Zum
1%
Zombie Army 4: Dead War
1%
Zombie Army: Dead War Shooting
1%
No matching quizzes found
Score Distribution
Percent of People with Each Score
Percentile by Number Answered
Your Score History
You have not taken this quiz